[Event "Rapid 2018"]
[Site "Saint-Petersburg"]
[Date "2018.12.28"]
[Round "14"]
[Board "80"]
[White "Oganian Miran (RUS)"]
[Black "Fakhrutdinov Timur (RUS)"]
[Result "1-0"]
[LiveChessVersion "1.4.8"]
[BlackElo "2388"]
[WhiteElo "2506"]

1. d4 {[%clk 0:15:19]} Nf6 {[%clk 0:15:19]} 2. c4 {[%clk 0:15:28]} e6
{[%clk 0:15:28]} 3. g3 {[%clk 0:15:37]} Bb4+ {[%clk 0:15:37]} 4. Bd2
{[%clk 0:15:46]} Be7 {[%clk 0:15:46]} 5. Bg2 {[%clk 0:15:54]} d5 {[%clk 0:15:55]}
6. Nf3 {[%clk 0:16:03]} O-O {[%clk 0:16:01]} 7. O-O {[%clk 0:16:11]} c6
{[%clk 0:16:09]} 8. Qc2 {[%clk 0:16:20]} Nbd7 {[%clk 0:16:13]} 9. Rd1
{[%clk 0:16:22]} b6 {[%clk 0:16:16]} 10. Bf4 {[%clk 0:16:19]} Ba6
{[%clk 0:16:19]} 11. Ne5 {[%clk 0:16:17]} Rc8 {[%clk 0:15:45]} 12. Nc3
{[%clk 0:16:26]} Bxc4 {[%clk 0:15:23]} 13. Nxc4 {[%clk 0:16:34]} dxc4
{[%clk 0:15:31]} 14. e4 {[%clk 0:16:43]} b5 {[%clk 0:15:02]} 15. a4
{[%clk 0:16:52]} a6 {[%clk 0:15:06]} 16. axb5 {[%clk 0:17:01]} axb5
{[%clk 0:15:12]} 17. Ra6 {[%clk 0:17:09]} b4 {[%clk 0:11:36]} 18. Na4
{[%clk 0:15:35]} c5 {[%clk 0:09:33]} 19. d5 {[%clk 0:11:09]} e5 {[%clk 0:09:21]}
20. Be3 {[%clk 0:11:15]} Ne8 {[%clk 0:08:31]} 21. d6 {[%clk 0:09:55]} Bg5
{[%clk 0:06:03]} 22. f4 {[%clk 0:08:38]} exf4 {[%clk 0:05:45]} 23. gxf4
{[%clk 0:08:47]} Bh6 {[%clk 0:05:43]} 24. Qxc4 {[%clk 0:08:33]} Qh4
{[%clk 0:05:02]} 25. Qf1 {[%clk 0:04:39]} Nef6 {[%clk 0:04:58]} 26. Qf2
{[%clk 0:03:31]} Qxf2+ {[%clk 0:01:43]} 27. Kxf2 {[%clk 0:03:39]} Rfe8
{[%clk 0:00:44]} 28. Ra7 {[%clk 0:03:34]} Rcd8 {[%clk 0:00:53]} 29. Ke2
{[%clk 0:01:20]} Nxe4 {[%clk 0:00:48]} 30. Bxe4 {[%clk 0:01:21]} Rxe4
{[%clk 0:00:56]} 31. Rxd7 {[%clk 0:01:29]} Rxd7 {[%clk 0:00:17]} 32. Nxc5
{[%clk 0:01:38]} Rxe3+ {[%clk 0:00:13]} 33. Kxe3 {[%clk 0:01:46]} Rd8
{[%clk 0:00:16]} 34. Nb7 {[%clk 0:00:46]} Rd7 {[%clk 0:00:21]} 35. Rc1
{[%clk 0:00:44]} g5 {[%clk 0:00:17]} 36. Rc7 {[%clk 0:00:45]} 1-0

[Event "Rapid 2018"]
[Site "Saint-Petersburg"]
[Date "2018.12.28"]
[Round "14"]
[Board "81"]
[White "Gutenev Alexander (RUS)"]
[Black "Hirneise Jens (GER)"]
[Result "1-0"]
[LiveChessVersion "1.4.8"]
[BlackElo "2355"]
[WhiteElo "2490"]

1. e4 {[%clk 0:15:19]} c5 {[%clk 0:15:19]} 2. Nf3 {[%clk 0:15:27]} d6
{[%clk 0:15:27]} 3. d4 {[%clk 0:15:36]} cxd4 {[%clk 0:15:36]} 4. Nxd4
{[%clk 0:15:44]} Nf6 {[%clk 0:15:45]} 5. Nc3 {[%clk 0:15:53]} Bd7
{[%clk 0:15:54]} 6. Bg5 {[%clk 0:15:58]} e6 {[%clk 0:16:02]} 7. Qd2
{[%clk 0:16:00]} h6 {[%clk 0:16:08]} 8. Be3 {[%clk 0:15:07]} Ng4 {[%clk 0:16:12]}
9. O-O-O {[%clk 0:15:00]} Nxe3 {[%clk 0:16:19]} 10. Qxe3 {[%clk 0:15:09]} a6
{[%clk 0:16:21]} 11. f4 {[%clk 0:15:09]} Nc6 {[%clk 0:15:47]} 12. Kb1
{[%clk 0:15:11]} Qb6 {[%clk 0:15:09]} 13. g3 {[%clk 0:13:24]} Nxd4
{[%clk 0:13:28]} 14. Rxd4 {[%clk 0:13:22]} Be7 {[%clk 0:12:48]} 15. Qd2
{[%clk 0:13:02]} O-O {[%clk 0:11:40]} 16. Bg2 {[%clk 0:12:35]} Bc6
{[%clk 0:11:26]} 17. Rd1 {[%clk 0:12:19]} Rfd8 {[%clk 0:11:15]} 18. g4
{[%clk 0:12:03]} Qc5 {[%clk 0:10:10]} 19. Na4 {[%clk 0:10:00]} Qa7
{[%clk 0:08:29]} 20. Nc3 {[%clk 0:10:07]} b5 {[%clk 0:08:10]} 21. g5
{[%clk 0:10:07]} hxg5 {[%clk 0:08:02]} 22. fxg5 {[%clk 0:10:16]} Qc5
{[%clk 0:07:37]} 23. h4 {[%clk 0:09:59]} Qe5 {[%clk 0:06:59]} 24. Nd5
{[%clk 0:09:06]} Bf8 {[%clk 0:06:40]} 25. Nf4 {[%clk 0:07:52]} g6
{[%clk 0:06:41]} 26. c3 {[%clk 0:07:24]} Bg7 {[%clk 0:06:06]} 27. Ka1
{[%clk 0:04:16]} b4 {[%clk 0:03:40]} 28. Rxb4 {[%clk 0:04:07]} a5
{[%clk 0:03:47]} 29. Rc4 {[%clk 0:03:49]} Qb5 {[%clk 0:03:21]} 30. Bf1
{[%clk 0:03:13]} Qb7 {[%clk 0:03:15]} 31. h5 {[%clk 0:03:02]} gxh5
{[%clk 0:01:49]} 32. Nxh5 {[%clk 0:03:09]} d5 {[%clk 0:01:13]} 33. Nf6+
{[%clk 0:03:05]} Kf8 {[%clk 0:00:44]} 34. exd5 {[%clk 0:03:05]} exd5
{[%clk 0:00:21]} 35. Rf4 {[%clk 0:02:44]} Rab8 {[%clk 0:00:12]} 36. g6
{[%clk 0:02:10]} Bh6 {[%clk 0:00:21]} 37. Nh7+ {[%clk 0:01:44]} Kg8
{[%clk 0:00:19]} 38. Rxf7 {[%clk 0:01:25]} Qxf7 {[%clk 0:00:12]} 39. gxf7+
{[%clk 0:01:33]} Kxh7 {[%clk 0:00:21]} 40. Bd3+ {[%clk 0:01:38]} Kg7
{[%clk 0:00:28]} 41. Rg1+ {[%clk 0:01:43]} 1-0

[Event "Rapid 2018"]
[Site "Saint-Petersburg"]
[Date "2018.12.28"]
[Round "14"]
[Board "82"]
[White "Yeritsyan Aram (RUS)"]
[Black "Iljiushenok Ilia (RUS)"]
[Result "1-0"]
[LiveChessVersion "1.4.8"]
[BlackElo "2607"]
[WhiteElo "2209"]

1. e4 {[%clk 0:15:19]} c5 {[%clk 0:15:19]} 2. Nf3 {[%clk 0:15:26]} e6
{[%clk 0:15:28]} 3. d4 {[%clk 0:15:34]} cxd4 {[%clk 0:15:36]} 4. Nxd4
{[%clk 0:15:43]} Nc6 {[%clk 0:15:43]} 5. Nb5 {[%clk 0:15:48]} d6 {[%clk 0:15:47]}
6. c4 {[%clk 0:15:57]} Nf6 {[%clk 0:15:49]} 7. N1c3 {[%clk 0:16:06]} a6
{[%clk 0:15:58]} 8. Na3 {[%clk 0:16:15]} Be7 {[%clk 0:15:53]} 9. Be2
{[%clk 0:16:24]} O-O {[%clk 0:15:59]} 10. O-O {[%clk 0:16:30]} b6
{[%clk 0:15:58]} 11. Be3 {[%clk 0:16:38]} Bb7 {[%clk 0:16:02]} 12. f3
{[%clk 0:16:46]} Ne5 {[%clk 0:14:34]} 13. Rc1 {[%clk 0:16:36]} Ned7
{[%clk 0:13:52]} 14. Qd4 {[%clk 0:15:53]} Qc7 {[%clk 0:13:51]} 15. b4
{[%clk 0:15:34]} Rfd8 {[%clk 0:13:09]} 16. Rfd1 {[%clk 0:15:37]} Rab8
{[%clk 0:11:38]} 17. Nc2 {[%clk 0:14:01]} Ba8 {[%clk 0:11:07]} 18. Na1
{[%clk 0:13:53]} Rbc8 {[%clk 0:10:06]} 19. Nb3 {[%clk 0:13:52]} Qb8
{[%clk 0:10:15]} 20. Na4 {[%clk 0:10:41]} Rc6 {[%clk 0:03:59]} 21. Rb1
{[%clk 0:08:35]} Qb7 {[%clk 0:01:57]} 22. b5 {[%clk 0:06:34]} axb5
{[%clk 0:02:05]} 23. cxb5 {[%clk 0:06:43]} Rc2 {[%clk 0:01:43]} 24. Bd3
{[%clk 0:06:45]} Rc7 {[%clk 0:01:35]} 25. Qb2 {[%clk 0:04:13]} d5
{[%clk 0:00:59]} 26. e5 {[%clk 0:04:09]} Ne8 {[%clk 0:01:04]} 27. Qf2
{[%clk 0:03:35]} Nxe5 {[%clk 0:00:43]} 28. Bxb6 {[%clk 0:03:15]} Nxd3
{[%clk 0:00:52]} 29. Rxd3 {[%clk 0:03:24]} Rdc8 {[%clk 0:00:21]} 30. Bxc7
{[%clk 0:03:33]} Nxc7 {[%clk 0:00:28]} 31. Nbc5 {[%clk 0:03:38]} Qb8
{[%clk 0:00:25]} 32. b6 {[%clk 0:03:47]} Bc6 {[%clk 0:00:29]} 33. Rdb3
{[%clk 0:03:27]} Bxa4 {[%clk 0:00:19]} 34. bxc7 {[%clk 0:03:27]} Qxc7
{[%clk 0:00:18]} 35. Nxa4 {[%clk 0:03:35]} Ra8 {[%clk 0:00:23]} 36. Nb6
{[%clk 0:03:15]} Bc5 {[%clk 0:00:25]} 37. Nxa8 {[%clk 0:03:23]} Bxf2+
{[%clk 0:00:33]} 38. Kh1 {[%clk 0:03:32]} 1-0

[Event "Rapid 2018"]
[Site "Saint-Petersburg"]
[Date "2018.12.28"]
[Round "14"]
[Board "84"]
[White "Tsoi Dmitry (RUS)"]
[Black "Shinkevich Vitaly (RUS)"]
[Result "0-1"]
[LiveChessVersion "1.4.8"]
[BlackElo "2545"]
[WhiteElo "2381"]

1. Nf3 {[%clk 0:15:18]} c5 {[%clk 0:15:19]} 2. g3 {[%clk 0:15:27]} g6
{[%clk 0:15:20]} 3. Bg2 {[%clk 0:15:34]} Bg7 {[%clk 0:15:29]} 4. O-O
{[%clk 0:15:41]} Nc6 {[%clk 0:15:34]} 5. c4 {[%clk 0:15:43]} Nf6 {[%clk 0:15:29]}
6. Nc3 {[%clk 0:15:50]} O-O {[%clk 0:15:36]} 7. d3 {[%clk 0:15:59]} a6
{[%clk 0:15:36]} 8. Bg5 {[%clk 0:15:57]} Rb8 {[%clk 0:15:38]} 9. Qd2
{[%clk 0:16:02]} b5 {[%clk 0:15:40]} 10. Bh6 {[%clk 0:15:23]} d6 {[%clk 0:15:22]}
11. Bxg7 {[%clk 0:15:29]} Kxg7 {[%clk 0:15:31]} 12. b3 {[%clk 0:15:14]} Bd7
{[%clk 0:15:38]} 13. Rac1 {[%clk 0:14:35]} Qa5 {[%clk 0:15:32]} 14. Rfd1
{[%clk 0:14:16]} Rfc8 {[%clk 0:14:09]} 15. Nb1 {[%clk 0:12:50]} Qxd2
{[%clk 0:14:11]} 16. Nfxd2 {[%clk 0:12:26]} Nd4 {[%clk 0:13:35]} 17. Kf1
{[%clk 0:12:13]} bxc4 {[%clk 0:13:22]} 18. Nxc4 {[%clk 0:11:36]} Be6
{[%clk 0:12:19]} 19. Nc3 {[%clk 0:11:37]} h5 {[%clk 0:11:52]} 20. h3
{[%clk 0:10:45]} h4 {[%clk 0:11:37]} 21. g4 {[%clk 0:10:45]} Nd7 {[%clk 0:11:25]}
22. e3 {[%clk 0:10:45]} Nb5 {[%clk 0:11:18]} 23. Nd5 {[%clk 0:10:28]} Bxd5
{[%clk 0:10:54]} 24. Bxd5 {[%clk 0:10:35]} e6 {[%clk 0:11:03]} 25. Bg2
{[%clk 0:10:31]} d5 {[%clk 0:11:10]} 26. Nd2 {[%clk 0:09:32]} g5 {[%clk 0:10:39]}
27. Ke2 {[%clk 0:09:24]} f6 {[%clk 0:10:37]} 28. Nb1 {[%clk 0:08:20]} Kf7
{[%clk 0:10:19]} 29. Nc3 {[%clk 0:08:25]} Ke7 {[%clk 0:10:13]} 30. Na4
{[%clk 0:08:23]} Kd6 {[%clk 0:10:18]} 31. Rd2 {[%clk 0:08:17]} Na3
{[%clk 0:10:12]} 32. Kd1 {[%clk 0:07:01]} Rc7 {[%clk 0:10:17]} 33. Bf1
{[%clk 0:07:07]} f5 {[%clk 0:08:14]} 34. gxf5 {[%clk 0:06:44]} exf5
{[%clk 0:08:23]} 35. e4 {[%clk 0:06:52]} d4 {[%clk 0:07:48]} 36. exf5
{[%clk 0:05:59]} Rf8 {[%clk 0:07:54]} 37. Be2 {[%clk 0:05:55]} Rxf5
{[%clk 0:06:18]} 38. Bg4 {[%clk 0:06:03]} Re5 {[%clk 0:05:40]} 39. Bxd7
{[%clk 0:06:02]} Rxd7 {[%clk 0:05:45]} 40. Re2 {[%clk 0:06:09]} Rde7
{[%clk 0:05:06]} 41. Rxe5 {[%clk 0:05:57]} Rxe5 {[%clk 0:05:14]} 42. Kd2
{[%clk 0:03:53]} Rf5 {[%clk 0:05:22]} 43. Ke2 {[%clk 0:04:02]} Nb5
{[%clk 0:05:29]} 44. Rc4 {[%clk 0:02:25]} Na3 {[%clk 0:05:17]} 45. Rc1
{[%clk 0:02:32]} Nb5 {[%clk 0:05:25]} 46. Rc4 {[%clk 0:02:41]} a5
{[%clk 0:05:04]} 47. Rc1 {[%clk 0:02:43]} Nc7 {[%clk 0:04:51]} 48. Nb2
{[%clk 0:01:45]} Nd5 {[%clk 0:05:00]} 49. Nc4+ {[%clk 0:01:52]} Kd7
{[%clk 0:05:06]} 50. Ra1 {[%clk 0:00:32]} Nf4+ {[%clk 0:04:32]} 51. Kf3
{[%clk 0:00:41]} Ke6 {[%clk 0:04:40]} 52. Nxa5 {[%clk 0:00:12]} Nxh3+
{[%clk 0:04:44]} 53. Kg2 {[%clk 0:00:20]} g4 {[%clk 0:04:34]} 54. Rf1
{[%clk 0:00:13]} Nf4+ {[%clk 0:04:40]} 55. Kg1 {[%clk 0:00:22]} Nxd3
{[%clk 0:04:43]} 56. a4 {[%clk 0:00:30]} h3 {[%clk 0:04:35]} 57. Rd1
{[%clk 0:00:12]} Nxf2 {[%clk 0:04:35]} 58. Re1+ {[%clk 0:00:21]} Kd5
{[%clk 0:04:25]} 59. Kh2 {[%clk 0:00:16]} Ne4 {[%clk 0:04:25]} 60. Re2
{[%clk 0:00:13]} d3 {[%clk 0:04:28]} 0-1

[Event "Rapid 2018"]
[Site "Saint-Petersburg"]
[Date "2018.12.28"]
[Round "14"]
[Board "85"]
[White "Zablotsky Sergei (RUS)"]
[Black "Drygalov Sergey (RUS)"]
[Result "1-0"]
[LiveChessVersion "1.4.8"]
[BlackElo "2471"]
[WhiteElo "2542"]

1. Nf3 {[%clk 0:15:17]} Nf6 {[%clk 0:15:18]} 2. g3 {[%clk 0:15:24]} d5
{[%clk 0:15:19]} 3. Bg2 {[%clk 0:15:32]} c6 {[%clk 0:15:28]} 4. O-O
{[%clk 0:15:39]} Bf5 {[%clk 0:15:36]} 5. d3 {[%clk 0:15:44]} h6 {[%clk 0:15:39]}
6. c4 {[%clk 0:15:46]} e6 {[%clk 0:15:46]} 7. Nc3 {[%clk 0:15:53]} Be7
{[%clk 0:15:47]} 8. cxd5 {[%clk 0:15:49]} exd5 {[%clk 0:15:42]} 9. Qb3
{[%clk 0:15:52]} Qb6 {[%clk 0:14:20]} 10. Qc2 {[%clk 0:16:00]} Nbd7
{[%clk 0:12:56]} 11. e4 {[%clk 0:15:56]} dxe4 {[%clk 0:12:54]} 12. dxe4
{[%clk 0:16:05]} Bh7 {[%clk 0:13:03]} 13. Be3 {[%clk 0:16:10]} Qa5
{[%clk 0:12:51]} 14. a3 {[%clk 0:15:48]} O-O {[%clk 0:09:58]} 15. b4
{[%clk 0:15:48]} Qc7 {[%clk 0:09:26]} 16. Bf4 {[%clk 0:15:25]} Bd6
{[%clk 0:09:15]} 17. Bxd6 {[%clk 0:15:11]} Qxd6 {[%clk 0:09:23]} 18. Rad1
{[%clk 0:14:12]} Qe7 {[%clk 0:09:28]} 19. Rfe1 {[%clk 0:14:19]} a5
{[%clk 0:09:14]} 20. Qb3 {[%clk 0:14:26]} axb4 {[%clk 0:09:12]} 21. axb4
{[%clk 0:14:34]} Nb6 {[%clk 0:07:26]} 22. Nd4 {[%clk 0:12:07]} Rfd8
{[%clk 0:07:06]} 23. e5 {[%clk 0:10:59]} Nfd5 {[%clk 0:06:39]} 24. Nxd5
{[%clk 0:08:44]} Nxd5 {[%clk 0:06:23]} 25. e6 {[%clk 0:08:11]} f6
{[%clk 0:05:55]} 26. b5 {[%clk 0:07:04]} c5 {[%clk 0:03:50]} 27. Bxd5
{[%clk 0:06:49]} cxd4 {[%clk 0:03:59]} 28. Bxb7 {[%clk 0:05:34]} Ra3
{[%clk 0:03:44]} 29. Qb2 {[%clk 0:05:26]} d3 {[%clk 0:02:02]} 30. b6
{[%clk 0:04:02]} Ra4 {[%clk 0:02:10]} 31. Qc3 {[%clk 0:04:10]} Bf5
{[%clk 0:00:48]} 32. Bc8 {[%clk 0:03:16]} Ra3 {[%clk 0:00:37]} 33. Qc4
{[%clk 0:03:00]} d2 {[%clk 0:00:38]} 34. Re3 {[%clk 0:02:40]} Rxe3
{[%clk 0:00:13]} 35. fxe3 {[%clk 0:02:49]} Bg4 {[%clk 0:00:16]} 36. Qxg4
{[%clk 0:02:42]} Rxc8 {[%clk 0:00:24]} 37. Rxd2 {[%clk 0:02:47]} Qc5
{[%clk 0:00:27]} 38. Qd4 {[%clk 0:01:27]} Qh5 {[%clk 0:00:34]} 39. b7
{[%clk 0:00:59]} Rc1+ {[%clk 0:00:36]} 40. Kg2 {[%clk 0:01:08]} Qb5
{[%clk 0:00:33]} 41. Qd8+ {[%clk 0:01:10]} Kh7 {[%clk 0:00:41]} 42. Qd3+
{[%clk 0:01:17]} 1-0

[Event "Rapid 2018"]
[Site "Saint-Petersburg"]
[Date "2018.12.28"]
[Round "14"]
[Board "86"]
[White "Borisenko Viacheslav (UKR)"]
[Black "Golubov Saveliy (RUS)"]
[Result "1/2-1/2"]
[LiveChessVersion "1.4.8"]
[BlackElo "2542"]
[WhiteElo "2367"]

1. e4 {[%clk 0:15:19]} c5 {[%clk 0:15:19]} 2. Nf3 {[%clk 0:15:27]} e6
{[%clk 0:15:26]} 3. c3 {[%clk 0:15:34]} d5 {[%clk 0:15:34]} 4. exd5
{[%clk 0:15:42]} exd5 {[%clk 0:15:43]} 5. d4 {[%clk 0:15:51]} Nf6
{[%clk 0:15:51]} 6. Be2 {[%clk 0:15:44]} Nc6 {[%clk 0:16:00]} 7. O-O
{[%clk 0:15:51]} h6 {[%clk 0:15:45]} 8. Re1 {[%clk 0:15:16]} Bd6 {[%clk 0:15:50]}
9. Bd3+ {[%clk 0:14:25]} Be6 {[%clk 0:15:58]} 10. dxc5 {[%clk 0:14:28]} Bxc5
{[%clk 0:16:04]} 11. Be3 {[%clk 0:14:27]} Bxe3 {[%clk 0:15:58]} 12. Rxe3
{[%clk 0:14:36]} O-O {[%clk 0:16:06]} 13. Nbd2 {[%clk 0:14:18]} d4
{[%clk 0:16:02]} 14. cxd4 {[%clk 0:14:14]} Nxd4 {[%clk 0:16:10]} 15. h3
{[%clk 0:10:27]} Nf5 {[%clk 0:15:52]} 16. Bxf5 {[%clk 0:10:32]} Bxf5
{[%clk 0:16:00]} 17. Nb3 {[%clk 0:10:17]} Qxd1+ {[%clk 0:15:57]} 18. Rxd1
{[%clk 0:10:25]} Rfd8 {[%clk 0:16:05]} 19. Rxd8+ {[%clk 0:10:12]} Rxd8
{[%clk 0:16:14]} 20. Re7 {[%clk 0:10:15]} Rd1+ {[%clk 0:16:09]} 21. Re1
{[%clk 0:09:51]} Rd7 {[%clk 0:16:18]} 22. a3 {[%clk 0:09:24]} b6 {[%clk 0:16:06]}
23. Ne5 {[%clk 0:09:28]} Rc7 {[%clk 0:16:07]} 24. Nd4 {[%clk 0:09:34]} Be4
{[%clk 0:16:06]} 25. Ng4 {[%clk 0:06:23]} Nxg4 {[%clk 0:15:58]} 26. hxg4
{[%clk 0:06:31]} Bd5 {[%clk 0:16:07]} 27. f3 {[%clk 0:06:25]} g6 {[%clk 0:16:02]}
28. Kf2 {[%clk 0:06:31]} Kg7 {[%clk 0:15:34]} 29. Rd1 {[%clk 0:06:37]} a6
{[%clk 0:15:36]} 30. Ke3 {[%clk 0:06:11]} Kf6 {[%clk 0:15:39]} 31. Rh1
{[%clk 0:05:57]} Kg7 {[%clk 0:15:47]} 32. Rd1 {[%clk 0:06:04]} b5
{[%clk 0:14:55]} 33. Rd2 {[%clk 0:05:05]} Rb7 {[%clk 0:14:21]} 1/2-1/2

[Event "Rapid 2018"]
[Site "Saint-Petersburg"]
[Date "2018.12.28"]
[Round "14"]
[Board "87"]
[White "Lobanov Sergei (RUS)"]
[Black "Baron Tal (ISR)"]
[Result "1-0"]
[BlackElo "2525"]
[WhiteElo "2398"]
[LiveChessVersion "1.4.8"]

1. e4 {[%clk 0:15:19]} e5 {[%clk 0:14:49]} 2. Nf3 {[%clk 0:15:26]} Nc6
{[%clk 0:14:57]} 3. Bb5 {[%clk 0:15:34]} a6 {[%clk 0:15:06]} 4. Ba4
{[%clk 0:15:44]} Nf6 {[%clk 0:15:14]} 5. O-O {[%clk 0:15:52]} Be7
{[%clk 0:15:19]} 6. Re1 {[%clk 0:16:00]} b5 {[%clk 0:15:28]} 7. Bb3
{[%clk 0:16:09]} d6 {[%clk 0:15:35]} 8. c3 {[%clk 0:16:18]} O-O {[%clk 0:15:43]}
9. h3 {[%clk 0:16:27]} Bb7 {[%clk 0:15:51]} 10. d4 {[%clk 0:16:33]} Nd7
{[%clk 0:15:54]} 11. Nbd2 {[%clk 0:16:27]} exd4 {[%clk 0:16:01]} 12. cxd4
{[%clk 0:16:36]} Bf6 {[%clk 0:15:56]} 13. Nf1 {[%clk 0:16:41]} Na5
{[%clk 0:16:04]} 14. Bc2 {[%clk 0:16:50]} Re8 {[%clk 0:16:13]} 15. Ng3
{[%clk 0:16:34]} g6 {[%clk 0:16:14]} 16. Rb1 {[%clk 0:15:46]} c5 {[%clk 0:16:17]}
17. d5 {[%clk 0:15:55]} Nc4 {[%clk 0:16:25]} 18. b3 {[%clk 0:15:41]} Nce5
{[%clk 0:15:47]} 19. Nxe5 {[%clk 0:15:48]} Bxe5 {[%clk 0:15:41]} 20. f4
{[%clk 0:15:28]} Bc3 {[%clk 0:15:14]} 21. Rf1 {[%clk 0:15:19]} Bg7
{[%clk 0:14:22]} 22. Kh2 {[%clk 0:14:18]} a5 {[%clk 0:13:45]} 23. Bd3
{[%clk 0:13:02]} Ba6 {[%clk 0:13:24]} 24. a4 {[%clk 0:11:14]} bxa4
{[%clk 0:13:14]} 25. Bxa6 {[%clk 0:11:22]} Rxa6 {[%clk 0:13:23]} 26. bxa4
{[%clk 0:11:31]} Rb6 {[%clk 0:13:29]} 27. Bd2 {[%clk 0:11:09]} Rxb1
{[%clk 0:13:37]} 28. Qxb1 {[%clk 0:11:15]} Qb6 {[%clk 0:13:43]} 29. Qxb6
{[%clk 0:10:14]} Nxb6 {[%clk 0:13:52]} 30. Bxa5 {[%clk 0:10:22]} Nxa4
{[%clk 0:13:59]} 31. e5 {[%clk 0:08:27]} dxe5 {[%clk 0:13:13]} 32. d6
{[%clk 0:08:27]} exf4 {[%clk 0:13:17]} 33. Rxf4 {[%clk 0:07:49]} Be5
{[%clk 0:12:24]} 34. d7 {[%clk 0:07:54]} Rd8 {[%clk 0:12:31]} 35. Bxd8
{[%clk 0:04:13]} Bxf4 {[%clk 0:12:39]} 36. Ba5 {[%clk 0:03:33]} Bg5
{[%clk 0:12:48]} 37. Ne4 {[%clk 0:03:42]} Be7 {[%clk 0:12:56]} 38. d8=Q+
{[%clk 0:02:17]} Bxd8 {[%clk 0:13:05]} 39. Bxd8 {[%clk 0:02:25]} f5
{[%clk 0:13:02]} 40. Nd6 {[%clk 0:02:34]} Nc3 {[%clk 0:12:37]} 41. Kg3
{[%clk 0:02:39]} Ne2+ {[%clk 0:12:44]} 42. Kf2 {[%clk 0:02:01]} Nf4
{[%clk 0:12:52]} 43. Bb6 {[%clk 0:01:04]} Ne6 {[%clk 0:12:57]} 44. Ke3
{[%clk 0:00:56]} Kg7 {[%clk 0:12:57]} 45. Nb7 {[%clk 0:01:05]} c4
{[%clk 0:12:52]} 46. Ba5 {[%clk 0:01:05]} Kf6 {[%clk 0:12:54]} 47. Bc3+
{[%clk 0:00:58]} Kg5 {[%clk 0:12:59]} 48. Nd6 {[%clk 0:01:07]} Nc7
{[%clk 0:11:32]} 49. Kf3 {[%clk 0:00:51]} Nd5 {[%clk 0:10:50]} 50. Bd2+
{[%clk 0:00:27]} Kf6 {[%clk 0:10:13]} 51. Nxc4 {[%clk 0:00:36]} g5
{[%clk 0:10:17]} 52. Ne3 {[%clk 0:00:32]} Ne7 {[%clk 0:09:57]} 53. Bb4
{[%clk 0:00:16]} Ng6 {[%clk 0:09:52]} 54. Bc3+ {[%clk 0:00:19]} Ke6
{[%clk 0:10:01]} 55. g4 {[%clk 0:00:14]} Nh4+ {[%clk 0:10:01]} 56. Kf2
{[%clk 0:00:14]} fxg4 {[%clk 0:09:58]} 57. hxg4 {[%clk 0:00:23]} Ng6
{[%clk 0:09:32]} 58. Nf1 {[%clk 0:00:30]} Nf4 {[%clk 0:09:06]} 59. Ng3
{[%clk 0:00:23]} Kf7 {[%clk 0:08:51]} 60. Bd2 {[%clk 0:00:22]} Nd3+
{[%clk 0:08:51]} 61. Kg2 {[%clk 0:00:17]} Ne5 {[%clk 0:08:25]} 62. Kh3
{[%clk 0:00:26]} h6 {[%clk 0:08:03]} 63. Nh5 {[%clk 0:00:33]} Nc4
{[%clk 0:08:08]} 64. Bc3 {[%clk 0:00:40]} Ne3 {[%clk 0:08:11]} 65. Kg3
{[%clk 0:00:42]} Nd5 {[%clk 0:08:21]} 66. Bd4 {[%clk 0:00:36]} Nc7
{[%clk 0:07:59]} 67. Kf3 {[%clk 0:00:43]} Ne6 {[%clk 0:08:09]} 68. Ke4
{[%clk 0:00:44]} Kg6 {[%clk 0:07:54]} 69. Ke5 {[%clk 0:00:53]} Nc7
{[%clk 0:07:47]} 70. Bb2 {[%clk 0:00:52]} Na6 {[%clk 0:07:49]} 71. Ba3
{[%clk 0:00:54]} Nc7 {[%clk 0:07:58]} 72. Ng3 {[%clk 0:00:38]} Ne8
{[%clk 0:07:30]} 73. Nh5 {[%clk 0:00:38]} Nc7 {[%clk 0:07:38]} 74. Bb4
{[%clk 0:00:45]} Ne8 {[%clk 0:07:26]} 75. Bd6 {[%clk 0:00:23]} Kf7
{[%clk 0:07:32]} 76. Bb8 {[%clk 0:00:30]} Ke7 {[%clk 0:06:14]} 77. Kf5
{[%clk 0:00:37]} Kd7 {[%clk 0:05:45]} 78. Nf6+ {[%clk 0:00:39]} 1-0

[Event "Rapid 2018"]
[Site "Saint-Petersburg"]
[Date "2018.12.28"]
[Round "14"]
[Board "88"]
[White "Makarov Marat (RUS)"]
[Black "Chen Qi B (CHN)"]
[Result "1/2-1/2"]
[BlackElo "2258"]
[WhiteElo "2486"]
[LiveChessVersion "1.4.8"]

1. Nf3 {[%clk 0:14:02]} Nf6 {[%clk 0:15:19]} 2. c4 {[%clk 0:14:08]} g6
{[%clk 0:15:24]} 3. g3 {[%clk 0:14:15]} Bg7 {[%clk 0:15:33]} 4. d4
{[%clk 0:14:23]} O-O {[%clk 0:15:40]} 5. Bg2 {[%clk 0:14:32]} d6 {[%clk 0:15:49]}
6. O-O {[%clk 0:14:37]} Nc6 {[%clk 0:15:58]} 7. Nc3 {[%clk 0:14:45]} e5
{[%clk 0:16:07]} 8. dxe5 {[%clk 0:14:45]} dxe5 {[%clk 0:16:15]} 9. Qxd8
{[%clk 0:14:53]} Rxd8 {[%clk 0:16:23]} 10. Bg5 {[%clk 0:15:01]} Be6
{[%clk 0:16:16]} 11. Nd2 {[%clk 0:14:53]} h6 {[%clk 0:16:17]} 12. Bxf6
{[%clk 0:14:58]} Rxd2 {[%clk 0:16:00]} 13. Bxg7 {[%clk 0:15:05]} Kxg7
{[%clk 0:16:09]} 14. Bxc6 {[%clk 0:15:13]} bxc6 {[%clk 0:16:17]} 15. b3
{[%clk 0:15:22]} Rad8 {[%clk 0:16:25]} 16. Rfd1 {[%clk 0:14:43]} R8d4
{[%clk 0:16:16]} 17. Rxd2 {[%clk 0:13:53]} Rxd2 {[%clk 0:16:24]} 18. Rc1
{[%clk 0:12:34]} Rb2 {[%clk 0:14:34]} 19. Kf1 {[%clk 0:12:08]} Kf6
{[%clk 0:13:01]} 20. Ke1 {[%clk 0:07:39]} Bf5 {[%clk 0:12:23]} 21. Kd1
{[%clk 0:06:52]} h5 {[%clk 0:11:59]} 22. Ra1 {[%clk 0:06:07]} g5 {[%clk 0:10:09]}
23. Ke1 {[%clk 0:03:01]} Rc2 {[%clk 0:07:24]} 24. Nd1 {[%clk 0:02:53]} g4
{[%clk 0:05:49]} 25. Ne3 {[%clk 0:02:50]} Rb2 {[%clk 0:05:58]} 26. Nd1
{[%clk 0:02:29]} Rc2 {[%clk 0:06:07]} 27. Ne3 {[%clk 0:02:37]} Rb2
{[%clk 0:06:15]} 28. Nd1 {[%clk 0:02:46]} Rc2 {[%clk 0:06:18]} 1/2-1/2

[Event "Rapid 2018"]
[Site "Saint-Petersburg"]
[Date "2018.12.28"]
[Round "14"]
[Board "89"]
[White "Sanikidze Tornike (GEO)"]
[Black "Shubin Kirill (RUS)"]
[Result "1-0"]
[BlackElo "2242"]
[WhiteElo "2483"]
[LiveChessVersion "1.4.8"]

1. d4 {[%clk 0:15:18]} e6 {[%clk 0:15:19]} 2. c4 {[%clk 0:15:24]} Nf6
{[%clk 0:15:28]} 3. Nf3 {[%clk 0:15:33]} Bb4+ {[%clk 0:15:37]} 4. Bd2
{[%clk 0:15:38]} a5 {[%clk 0:15:46]} 5. Nc3 {[%clk 0:15:47]} b6 {[%clk 0:15:44]}
6. e3 {[%clk 0:15:49]} Bb7 {[%clk 0:15:50]} 7. Bd3 {[%clk 0:15:57]} d5
{[%clk 0:15:58]} 8. cxd5 {[%clk 0:16:01]} exd5 {[%clk 0:16:04]} 9. Qc2
{[%clk 0:16:05]} O-O {[%clk 0:16:05]} 10. O-O {[%clk 0:16:13]} Nbd7
{[%clk 0:15:58]} 11. a3 {[%clk 0:16:13]} Be7 {[%clk 0:16:02]} 12. Ne5
{[%clk 0:16:20]} c5 {[%clk 0:15:43]} 13. Rad1 {[%clk 0:16:28]} c4
{[%clk 0:15:05]} 14. Bf5 {[%clk 0:16:17]} g6 {[%clk 0:15:05]} 15. Bh3
{[%clk 0:16:26]} Nxe5 {[%clk 0:13:56]} 16. dxe5 {[%clk 0:16:25]} Nd7
{[%clk 0:13:32]} 17. f4 {[%clk 0:14:36]} Nc5 {[%clk 0:13:30]} 18. f5
{[%clk 0:14:45]} Nd3 {[%clk 0:12:43]} 19. f6 {[%clk 0:14:54]} Bc5
{[%clk 0:12:47]} 20. e6 {[%clk 0:15:04]} Qd6 {[%clk 0:11:39]} 21. e7
{[%clk 0:15:06]} Rfe8 {[%clk 0:11:47]} 22. Nb5 {[%clk 0:14:37]} Qe5
{[%clk 0:11:40]} 23. Bd7 {[%clk 0:14:46]} Reb8 {[%clk 0:09:12]} 24. Kh1
{[%clk 0:14:43]} d4 {[%clk 0:08:08]} 25. exd4 {[%clk 0:14:05]} Qe2
{[%clk 0:07:27]} 26. Bh3 {[%clk 0:13:54]} Qh5 {[%clk 0:05:51]} 27. dxc5
{[%clk 0:13:44]} Qxh3 {[%clk 0:05:58]} 28. Bf4 {[%clk 0:13:52]} Nxf4
{[%clk 0:04:56]} 29. Rxf4 {[%clk 0:14:00]} bxc5 {[%clk 0:04:40]} 30. Nc7
{[%clk 0:14:00]} Qe3 {[%clk 0:04:20]} 31. Nxa8 {[%clk 0:13:51]} h5
{[%clk 0:04:13]} 32. Qf2 {[%clk 0:12:47]} 1-0